ENGINEERING INSTRUMENTATION AND CONTROL IV (Record no. 579809)

000 -LEADER
fixed length control field 00276nam a22001217a 4500
020 ## - INTERNATIONAL STANDARD BOOK NUMBER
International Standard Book Number 0-340-36570-6
082 ## - DEWEY DECIMAL CLASSIFICATION NUMBER
Classification number 629.8 ADA'E
100 ## - MAIN ENTRY--PERSONAL NAME
Personal name ADAMS, L. F
9 (RLIN) 74253
245 ## - TITLE STATEMENT
Title ENGINEERING INSTRUMENTATION AND CONTROL IV
260 ## - PUBLICATION, DISTRIBUTION, ETC.
Place of publication, distribution, etc. ELBS
Date of publication, distribution, etc. 1981
300 ## - PHYSICAL DESCRIPTION
Extent 256P
942 ## - ADDED ENTRY ELEMENTS (KOHA)
Koha item type Book
Holdings
Withdrawn status Lost status Damaged status Not for loan Permanent Location Current Location Shelving location Date acquired Total Checkouts Full call number Barcode Date last seen Price effective from Koha item type
        College of Electrical & Mechanical Engineering (CEME) College of Electrical & Mechanical Engineering (CEME) General Stacks 05/03/2017   629.8 ADA'E CEME-21088 06/28/2021 06/28/2021 Book
        College of Electrical & Mechanical Engineering (CEME) College of Electrical & Mechanical Engineering (CEME) General Stacks 05/03/2017   629.8 ADA'E CEME-21090 06/28/2021 06/28/2021 Book
© 2023 Central Library, National University of Sciences and Technology. All Rights Reserved.